01299nas a2200277Ia 4500001001100000003000900011008004100020040001300061040001300074041001300087100003800100210002100138222002100159245010900180250001100289260003600300501008600336300001000422310001200432362004000444500026000484650003600744942000700780999001900787952021500806R022/42993IT-RoPAU151124c99999999xx |||||||||||| ||und|| aIT-RoPAU cIT-RoPAU aITALIANO aAA.VV. gCodice Aut. SPICS: 12000 aINFORMAZIONI MCS aInformazioni Mcs aINFORMAZIONI MCS, ANNO 17-N.05 (MAGGIO-GIUGNO 1974)bInformazioni Mcs, Anno 17-N.05 (Maggio-Giugno 1974) a1a ed. aVICENZAbINFORMAZIONI MCSc1974 bPaulus - SPICS - Società San Paolo EM (non-commercial uses only)cCopyright2015 a48 p. aMENSILE aANNO 017, N.05 (MAGGIO-GIUGNO 1974) aSchede Critiche dei Film: Baba Yaga, 5 Matti al Supermercato, Lucky Luciano, Dacci Oggi i Nostri Soldi Quotidiani, Ringo...Il Volto della Vendetta, il Sergente Rompiglioni, Electra Glide, il Giorno del Delfino, la Mia Legge,Pane e Cioccolata, Tutto a Post aCINEMAvPUBBLICAZIONE PERIODICA cCR c138075d138075 0010406R_022_42993000000000071aSPICSbSPICSd2015-11-25l0oR022/42993r2015-11-25 00:00:00w2015-11-25yCRzProgr. Ins: 27842 / Copia rara: NO / date import: 25.11.2015 / By Epidotti, Trombetti, Vaglietti